<?xml version="1.0" encoding="UTF-8"?><?xml-stylesheet type="text/xsl" href="static/style.xsl"?><OAI-PMH xmlns="http://www.openarchives.org/OAI/2.0/" xmlns:xsi="http://www.w3.org/2001/XMLSchema-instance" xsi:schemaLocation="http://www.openarchives.org/OAI/2.0/ http://www.openarchives.org/OAI/2.0/OAI-PMH.xsd"><responseDate>2026-06-03T11:44:01Z</responseDate><request verb="GetRecord" identifier="oai:riuma.uma.es:10630/38608" metadataPrefix="marc">https://riuma.uma.es/rest/oai/request</request><GetRecord><record><header><identifier>oai:riuma.uma.es:10630/38608</identifier><datestamp>2026-02-03T11:06:38Z</datestamp><setSpec>com_10630_2254</setSpec><setSpec>col_10630_37953</setSpec></header><metadata><record xmlns="http://www.loc.gov/MARC21/slim" xmlns:dcterms="http://purl.org/dc/terms/" xmlns:doc="http://www.lyncode.com/xoai" xmlns:xsi="http://www.w3.org/2001/XMLSchema-instance" xsi:schemaLocation="http://www.loc.gov/MARC21/slim http://www.loc.gov/standards/marcxml/schema/MARC21slim.xsd">
   <leader>00925njm 22002777a 4500</leader>
   <datafield ind2=" " ind1=" " tag="042">
      <subfield code="a">dc</subfield>
   </datafield>
   <datafield ind2=" " ind1=" " tag="720">
      <subfield code="a">Hueso-Vasallo, Manuel</subfield>
      <subfield code="e">author</subfield>
   </datafield>
   <datafield ind2=" " ind1=" " tag="260">
      <subfield code="c">2024-12-29</subfield>
   </datafield>
   <datafield ind2=" " ind1=" " tag="520">
      <subfield code="a">This essay aims to explore the connection between assemblage theory and queer studies, arguing that this connection could be extremely productive as a critical tool through which to explore literary texts dealing with lesbian, gay, bisexual, transgender, queer, and other sexual and gender minorities (hi)stories. Although assemblage theory was originally articulated by Giles Deleuze and Felix Guattari in Milles Plateaux, there has recently been, as the research project into which this essay is integrated demonstrates, a noticeable spike of interest regarding assembled thinking. This interest, however, seems to have overlooked the critical potential that combining assemblage theory and queer studies could offer. In this sense, this essay details the affinities shared between both fields of critical enquiry and, through the lenses of Bill Brown’s “Re-Assemblage (Theory, Practice, Mode),” analyses Justin Torres’s novel Blackouts, in order to provide a working example of how the combination of these affinities could lead to new understandings of queer literary modes. I shall argue that Torres’s novel is an important text from which to rethink the ways in which we analyze queer literature precisely due to its inclusion of assembled materials within its pages.</subfield>
   </datafield>
   <datafield ind1="8" ind2=" " tag="024">
      <subfield code="a">Hueso-Vasallo, M. (2024). Queer Literary Assemblages: Justin Torres’s Blackouts (2023). Critique: Studies in Contemporary Fiction, 1–13. https://doi.org/10.1080/00111619.2024.2439325</subfield>
   </datafield>
   <datafield ind1="8" ind2=" " tag="024">
      <subfield code="a">https://hdl.handle.net/10630/38608</subfield>
   </datafield>
   <datafield ind1="8" ind2=" " tag="024">
      <subfield code="a">10.1080/00111619.2024.2439325</subfield>
   </datafield>
   <datafield tag="653" ind2=" " ind1=" ">
      <subfield code="a">Teoría queer</subfield>
   </datafield>
   <datafield tag="653" ind2=" " ind1=" ">
      <subfield code="a">Torres, Justin (1980-) - Crítica e interpretación</subfield>
   </datafield>
   <datafield ind2="0" ind1="0" tag="245">
      <subfield code="a">Queer Literary Assemblages: Justin Torres's Blackouts (2023).</subfield>
   </datafield>
</record>
</metadata></record></GetRecord></OAI-PMH>